| 000 | 01693nam a2200481 i 4500 | ||
|---|---|---|---|
| 001 | 14840 | ||
| 003 | KOSZ 005 | ||
| 005 | 20200623095636.0 | ||
| 008 | 200403s1972 pl a f 000 0 pol | ||
| 015 | _aPB 1972/8174 | ||
| 035 | _a991037316679705066 | ||
| 035 | _a(PL-WaBN)b20009434-48omnis_nlop | ||
| 035 | _ab20009434 | ||
| 035 | _a(OCoLC)751389246 | ||
| 035 | _a(PL)b0000002000943 | ||
| 035 | _a(EXLNZ-48OMNIS_NETWORK)9910264196905606 | ||
| 040 |
_aWA N _cWA N _dKOSZ 005/RW |
||
| 046 | _k1972 | ||
| 080 | _a621.317 | ||
| 100 | 1 |
_aAntoń, Adam _eAutor |
|
| 245 | 1 | 0 |
_aRejestratory elektryczne / _cAdam Antoń. |
| 260 |
_aWarszawa : _bWydawnictwa Naukowo-Techniczne, _c1972. |
||
| 300 |
_a132, [3] strony : _bilustracje ; _c21 cm. |
||
| 336 |
_aTekst _btxt _2rdacontent |
||
| 337 |
_aBez urządzenia pośredniczącego _bn _2rdamedia |
||
| 338 |
_aWolumin _bnc _2rdacarrier |
||
| 380 | _aKsiążki | ||
| 380 | _aPublikacje fachowe | ||
| 388 | _a1901-2000 | ||
| 388 | _a1945-1989 | ||
| 490 | 1 |
_aEksploatacja Elektrycznej Aparatury Pomiarowej _v5 |
|
| 504 | _aBibliografia na stronie [133]. | ||
| 521 | 8 | _aKsiążka jest przeznaczona dla techników i inżynierów zajmujących się eksploatacją rejestratorów elektrycznych. | |
| 650 | 7 |
_aElektrotechnika _2DBN |
|
| 650 | 7 | _aUrządzenia | |
| 650 | 7 | _aPomiary | |
| 658 | _aInżynieria i technika | ||
| 710 | 2 |
_aWydawnictwa Naukowo-Techniczne _4pbl |
|
| 830 | 0 |
_aEksploatacja Elektrycznej Aparatury Pomiarowej _v5 |
|
| 856 |
_uhttp://koha.tu.koszalin.pl/cgi-bin/koha/opac-detail.pl?biblionumber=14840 _yKatalog online BPK |
||
| 942 |
_2UKD _cKS |
||
| 999 |
_c14840 _d14840 |
||